Statistics for The 50's Fad Quiz

Click here to take the quiz!

General Stats

  • This quiz has been taken 944 times
    (938 since last reset)
  • The average score is 11 of 18

Answer Stats

HintAnswer% Correct
Plastic flying discsFrisbees
91%
Metal spring toy that walks down stairsSlinky
89%
Midi dresses with a dog on themPoodle skirts
76%
Wiggle your hips and keep it going round!Hula hoops
76%
Davy Crockett wore one tooCoonskin caps
73%
Fear the A-bomb? Build one of these!Fallout shelters
73%
You wore glasses to watch one of these3-D movies
72%
"Instant" dinners before microwavesTV dinners
71%
Green, flexible pal of PokeyGumby dolls
65%
Short, military-style haircutCrew cuts
62%
Teen dances where shoes are optionalSock hops
61%
Kneadable, readable, comes in an eggSilly Putty
58%
Slip-on shoes that can carry moneyPenny loafers
54%
"Say kids, what time is it?"Howdy Doody
52%
Create a masterpiece if you can countPaint-by-number
50%
Black-and-white shoesSaddle shoes
46%
Hairstyle that flips up in the backDucktail
24%
"Passion pits"Drive-in theatres
21%

Score Distribution

Percentile by Number Answered

Percent of People with Each Score

Your Score History

You have not taken this quiz since the last reset